Statistics for Sabrina Carpenter SC4 Song Antonym Quiz

Click here to take the quiz!

General Stats

  • This quiz has been taken 63 times
  • The average score is 6 of 9

Answer Stats

QuestionAnswer% Correct
Pulling 40Pushing 20
98%
InhaleExhale
95%
Out of Your CouchIn My Bed
78%
Closing my eyes when I look at youLooking At Me
63%
Keep it from meTell Em
63%
Your Telling the TruthI’m Fakin
61%
Keep on Nothing of My WarmthTake Off All Your Cool
61%
You Can Go YouI Can’t Stop Me
59%
Keep Me ForthTake You Back
54%

Score Distribution

Percentile by Number Answered

Percent of People with Each Score

Your Score History

You have not taken this quiz